[Event "GER-chT Federal Cup (Women)"]
[Site "Braunfels"]
[Date "1996.??.??"]
[Round "?"]
[White "Espig, Gesine"]
[Black "Lewandowska, Katarzyna"]
[Result "1-0"]
[WhiteElo "2145"]
[BlackElo "2020"]
[PlyCount "65"]
[EventDate "1996.??.??"]
[EventType "team-swiss"]
[EventRounds "5"]
[EventCountry "GER"]
[SourceTitle "EXT 1999"]
[Source "ChessBase"]
[SourceDate "1998.11.16"]
[SourceVersion "1"]
[SourceVersionDate "1998.11.16"]
[SourceQuality "1"]

1. c4 f5 2. Nc3 Nf6 3. Nf3 g6 4. d3 Bg7 5. e3 0-0 6. Be2 d6 7. 0-0 e5 8. Qc2 Nc6 9. a3 h6 10. b4 Be6 11. Bb2 Qe8 12. Rfd1 g5 13. d4 e4 14. Nd2 Ne7 15. d5 Bd7 16. Nb3 Ng6 17. Nd4 Nh4 18. c5 f4 19. c6 bxc6 20. dxc6 Bc8 21. Ndb5 Qxc6 22. Nd4 Qe8 23. Ncb5 Rf7 24. Nxc7 Qd7 25. Nxa8 Nxg2 26. Rac1 Rf8 27. Nc6 Nh4 28. Ne5 Qh3 29. Bf1 Qf5 30. Rxd6 Nf3+ 31. Nxf3 exf3 32. Qxf5 Bxf5 33. Nc7 1-0

[Event "GER-chT Federal Cup (Women)"]
[Site "Braunfels"]
[Date "1996.??.??"]
[Round "?"]
[White "Hund, Isabel"]
[Black "Lewandowska, Katarzyna"]
[Result "1-0"]
[WhiteElo "2085"]
[BlackElo "2020"]
[PlyCount "51"]
[EventDate "1996.??.??"]
[EventType "team-swiss"]
[EventRounds "5"]
[EventCountry "GER"]
[SourceTitle "EXT 1999"]
[Source "ChessBase"]
[SourceDate "1998.11.16"]
[SourceVersion "1"]
[SourceVersionDate "1998.11.16"]
[SourceQuality "1"]

1. d4 f5 2. g3 Nf6 3. Bg2 g6 4. Nf3 Bg7 5. 0-0 0-0 6. c4 d6 7. Nc3 Nc6 8. d5 Na5 9. Qd3 c5 10. Bd2 e5 11. dxe6 Bxe6 12. b3 Kh8 13. Rad1 Nc6 14. Bf4 Ne8 15. Nb5 Qb6 16. Nxd6 Rd8 17. Qb1 Nxd6 18. Bxd6 Rfe8 19. Bf4 h6 20. h4 a5 21. Rxd8 Rxd8 22. Rd1 a4 23. Rxd8+ Qxd8 24. Qc1 axb3 25. axb3 Kh7 26. Qe3 1-0

[Event "BL 9697 (Women)"]
[Site "Germany"]
[Date "1996.??.??"]
[Round "?"]
[White "Lewandowska, Katarzyna"]
[Black "Moingt, Anne"]
[Result "1-0"]
[WhiteElo "2020"]
[BlackElo "2135"]
[PlyCount "109"]
[EventDate "1996.10.??"]
[EventType "team-tourn"]
[EventRounds "11"]
[EventCountry "GER"]
[SourceTitle "EXT 2000"]
[Source "ChessBase"]
[SourceDate "1999.11.16"]
[SourceVersion "1"]
[SourceVersionDate "1999.11.16"]
[SourceQuality "1"]

1. d4 Nf6 2. Nf3 e6 3. c4 b6 4. a3 Bb7 5. Nc3 d5 6. cxd5 Nxd5 7. e3 Be7 8. Bb5+ c6 9. Bd3 Nd7 10. e4 Nxc3 11. bxc3 0-0 12. 0-0 c5 13. Qe2 Re8 14. Rd1 Qc7 15. Be3 Rad8 16. a4 Rc8 17. Bb5 Red8 18. d5 exd5 19. exd5 Nf6 20. Bf4 Bd6 21. Bg5 Nxd5 22. Bxd8 Rxd8 23. Rac1 Nf4 24. Qe3 a6 25. Bc4 Ng6 26. Qe2 Bxf3 27. Qxf3 Ne5 28. Qe2 Nxc4 29. Qxc4 Bxh2+ 30. Kh1 Bd6 31. Rd3 Re8 32. Rcd1 Re6 33. Qg4 Rh6+ 34. Rh3 Rxh3+ 35. Qxh3 b5 36. Qd3 Bf8 37. axb5 axb5 38. Qxb5 Qf4 39. Qe2 Qh4+ 40. Kg1 Qf6 41. c4 g6 42. Qe8 Kg7 43. Rd8 Qe7 44. Kf1 h5 45. Qxe7 Bxe7 46. Rd5 g5 47. f4 gxf4 48. Rxh5 Kf6 49. Kf2 Ke6 50. Kf3 Bd6 51. Ke4 f6 52. Rd5 Kd7 53. Kf5 Ke7 54. Rxd6 Kxd6 55. Kxf6 1-0

[Event "BL 9697 (Women)"]
[Site "Germany"]
[Date "1996.??.??"]
[Round "?"]
[White "Lewandowska, Katarzyna"]
[Black "Schubert, Silke"]
[Result "1/2-1/2"]
[WhiteElo "2020"]
[BlackElo "2095"]
[PlyCount "126"]
[EventDate "1996.10.??"]
[EventType "team-tourn"]
[EventRounds "11"]
[EventCountry "GER"]
[SourceTitle "EXT 2000"]
[Source "ChessBase"]
[SourceDate "1999.11.16"]
[SourceVersion "1"]
[SourceVersionDate "1999.11.16"]
[SourceQuality "1"]

1. d4 f5 2. Nf3 Nf6 3. g3 e6 4. Bg2 d5 5. 0-0 Bd6 6. c4 c6 7. Nc3 0-0 8. b3 Qe7 9. Bb2 Bd7 10. Qd3 Ne4 11. Ne1 Be8 12. Qe3 f4 13. Qd3 Nxc3 14. Bxc3 Bg6 15. e4 Nd7 16. Qe2 fxg3 17. hxg3 dxe4 18. Bxe4 Bxe4 19. Qxe4 Nf6 20. Qe2 Rae8 21. Nf3 Nd7 22. Rae1 c5 23. dxc5 Bxc5 24. Kg2 Rf7 25. Ne5 Nxe5 26. Bxe5 b6 27. Bf4 Qf6 28. Qe5 Qg6 29. Qe4 Qf5 30. Qxf5 Rxf5 31. Be3 Bxe3 32. Rxe3 Kf7 33. Rd1 Re7 34. Rd6 g5 35. g4 Rf4 36. Kg3 Rf6 37. Re5 h6 38. c5 bxc5 39. Rxc5 Kg7 40. Rdc6 Ref7 41. Rc2 Rf3+ 42. Kg2 e5 43. R6c4 R3f4 44. Rxf4 exf4 45. Rc6 Rb7 46. Ra6 Kh7 47. Kf3 Kg7 48. Re6 Rc7 49. Ra6 Rb7 50. b4 Rxb4 51. Rxa7+ Kf6 52. Ra6+ Kg7 53. a4 Rc4 54. a5 Ra4 55. Ra8 Kh7 56. a6 Kg7 57. Ke2 Kh7 58. f3 Ra3 59. a7 Kg7 60. Kd2 Kh7 61. Kc2 Kg7 62. Kb2 Ra6 63. Kb3 Ra1 1/2-1/2

[Event "BL 9495 (Women)"]
[Site "Germany"]
[Date "1995.03.18"]
[Round "10.2"]
[White "Borulya, Ekaterina"]
[Black "Lewandowska, Katarzyna"]
[Result "1-0"]
[WhiteElo "2310"]
[BlackElo "2125"]
[PlyCount "77"]
[EventDate "1994.10.01"]
[EventType "team-tourn"]
[EventRounds "11"]
[EventCountry "GER"]
[SourceTitle "EXT 1997"]
[Source "ChessBase"]
[SourceDate "1996.11.15"]
[SourceVersion "1"]
[SourceVersionDate "1996.11.15"]
[SourceQuality "1"]
[WhiteTeam "Krefeld Turm"]
[BlackTeam "Rodewisch"]
[WhiteTeamCountry "GER"]
[BlackTeamCountry "GER"]

1. e4 d5 2. exd5 Nf6 3. d4 Nxd5 4. c4 Nb6 5. Nc3 g6 6. h3 Bg7 7. Nf3 Nc6 8. Be3 0-0 9. Be2 e5 10. d5 Ne7 11. Qd2 Nf5 12. Bc5 Re8 13. Ne4 Nd6 14. Nxd6 cxd6 15. Be3 Bf5 16. 0-0 a5 17. Rac1 Na4 18. b3 Nc5 19. Bd1 Rc8 20. a3 Nd3 21. Rc3 e4 22. Nd4 Bd7 23. Be2 Nc5 24. b4 Na4 25. Rc2 Be5 26. f4 exf3 27. Nxf3 Bg7 28. Nd4 Qe7 29. Bf2 b6 30. Bf3 Be5 31. Nc6 Bxc6 32. dxc6 Rc7 33. Qd3 Qf6 34. Bd5 Bf4 35. Qb3 b5 36. cxb5 Qf5 37. b6 Rce7 38. c7 Qe5 39. b7 1-0

[Event "Wisla op (Women)"]
[Site "Warsaw"]
[Date "1995.??.??"]
[Round "2"]
[White "Heymann, Ulrike"]
[Black "Lewandowska, Katarzyna"]
[Result "0-1"]
[WhiteElo "2050"]
[BlackElo "2285"]
[PlyCount "152"]
[EventDate "1995.??.??"]
[EventType "swiss"]
[EventRounds "9"]
[EventCountry "POL"]
[SourceTitle "EXT 2006"]
[Source "ChessBase"]
[SourceDate "2005.11.24"]
[SourceVersion "1"]
[SourceVersionDate "2005.11.24"]
[SourceQuality "1"]

1. e4 e6 2. d4 d5 3. e5 c5 4. c3 Qb6 5. Nf3 Nc6 6. a3 c4 7. Nbd2 Na5 8. Rb1 h6 9. Be2 Bd7 10. Qc2 Ne7 11. Nf1 0-0-0 12. Ng3 g6 13. 0-0 Nb3 14. Nd2 Ba4 15. Nxb3 Qxb3 16. Qxb3 Bxb3 17. Bd2 Nc6 18. Rfe1 Be7 19. Nf1 Rd7 20. Be3 Na5 21. Nd2 Ba4 22. g3 Rc7 23. Kg2 Rc6 24. f4 Rb6 25. Bd1 Bxd1 26. Rexd1 Nb3 27. Nf3 Na5 28. Rh1 Kd7 29. h4 h5 30. Ng5 Ke8 31. Kf2 Kf8 32. Ke2 Kg7 33. Kd2 Bxg5 34. fxg5 Rb3 35. Kc2 Nc6 36. Rbf1 Ne7 37. Bc1 Nf5 38. Bf4 b5 39. Ra1 a5 40. Ra2 Rb8 41. Rg1 Rb7 42. Re1 Ne7 43. Rg1 Nc6 44. Bd2 b4 45. axb4 axb4 46. Rga1 Ne7 47. Ra7 bxc3 48. Rxb7 cxb2 49. Rb1 Rxb7 50. Rxb2 Rxb2+ 51. Kxb2 Nf5 52. Kc3 Nxg3 53. Be3 Nf5 54. Bf2 Kf8 55. Be1 Ke7 56. Bf2 Kd7 57. Kb4 Kc6 58. Ka4 Kb6 59. Kb4 Ne7 60. Be3 Nc6+ 61. Ka4 Na5 62. Kb4 Nb3 63. Ka4 Na1 64. Bf2 Nb3 65. Be3 Ka6 66. Kb4 Na1 67. Bf2 Kb6 68. Bg1 Nc2+ 69. Ka4 Ne1 70. Kb4 Nd3+ 71. Ka4 Nc1 72. Kb4 Ne2 73. Bf2 c3 74. Kb3 Kb5 75. Be3 c2 76. Kxc2 Kc4 0-1

[Event "BL 9596 (Women)"]
[Site "Germany"]
[Date "1995.??.??"]
[Round "?"]
[White "Lewandowska, Katarzyna"]
[Black "Borriss, Claudia"]
[Result "0-1"]
[WhiteElo "2035"]
[BlackElo "2095"]
[PlyCount "62"]
[EventDate "1995.10.??"]
[EventType "team-tourn"]
[EventRounds "11"]
[EventCountry "GER"]
[SourceTitle "EXT 1999"]
[Source "ChessBase"]
[SourceDate "1998.11.16"]
[SourceVersion "1"]
[SourceVersionDate "1998.11.16"]
[SourceQuality "1"]

1. d4 Nf6 2. Nf3 b6 3. g3 Bb7 4. Bg2 e6 5. c4 Be7 6. Nc3 Ne4 7. Qd3 Nxc3 8. bxc3 f5 9. d5 Na6 10. Be3 0-0 11. 0-0 Qe8 12. Qc2 Bd6 13. Nd4 Bc5 14. Bd2 Bxd4 15. cxd4 exd5 16. Bf4 Kh8 17. cxd5 d6 18. Rfe1 Qf7 19. Qb3 Rae8 20. a4 Nb8 21. a5 Nc6 22. axb6 axb6 23. Qc3 Na5 24. Rac1 Rc8 25. e4 fxe4 26. Bh3 Rce8 27. Be6 Qg6 28. Be3 Re7 29. Re2 Qh5 30. Rec2 Bc8 31. Bxc8 Rxc8 0-1

[Event "POL-ch (Women)"]
[Site "Warsaw"]
[Date "1995.??.??"]
[Round "4"]
[White "Lewandowska, Katarzyna"]
[Black "Jaracz, Barbara"]
[Result "1/2-1/2"]
[WhiteElo "2100"]
[BlackElo "2155"]
[PlyCount "115"]
[EventDate "1995.??.??"]
[EventType "tourn"]
[EventRounds "13"]
[EventCountry "POL"]
[SourceTitle "EXT 1999"]
[Source "ChessBase"]
[SourceDate "1998.11.16"]
[SourceVersion "1"]
[SourceVersionDate "1998.11.16"]
[SourceQuality "1"]

1. d4 Nf6 2. Nf3 g6 3. c4 Bg7 4. Nc3 d5 5. Bg5 Ne4 6. cxd5 Nxg5 7. Nxg5 0-0 8. e3 c6 9. Qb3 e6 10. dxc6 Nxc6 11. Nf3 e5 12. d5 Na5 13. Qd1 Bg4 14. Qa4 Bxf3 15. gxf3 Rc8 16. Be2 f5 17. Rd1 e4 18. Qb4 exf3 19. Bxf3 Nc4 20. 0-0 Qg5+ 21. Kh1 Ne5 22. Be2 f4 23. Rg1 Qh6 24. Rd4 g5 25. exf4 gxf4 26. Qe7 Kh8 27. Re4 Rce8 28. Qg5 Qxg5 29. Rxg5 Nf7 30. Rxe8 Rxe8 31. Bh5 Nxg5 32. Bxe8 f3 33. h4 Nh3 34. Kh2 Nxf2 35. Kg3 Nd3 36. Kxf3 Nxb2 37. Nb5 a6 38. Nd6 Bf6 39. Nxb7 Bxh4 40. d6 Nc4 41. d7 Ne5+ 42. Ke4 Nc6 43. Kd5 Nd8 44. Nc5 a5 45. a4 Kg7 46. Nb3 Be1 47. Nd4 Bf2 48. Nb5 Be1 49. Nd4 Bf2 50. Nb3 Be1 51. Kc4 Kf6 52. Kb5 Ke7 53. Nxa5 h5 54. Nc4 h4 55. Ne3 h3 56. Nf1 Ne6 57. a5 Bf2 58. Kc6 1/2-1/2

[Event "Katowice op"]
[Site "Katowice"]
[Date "1995.??.??"]
[Round "1"]
[White "Staniszewski, Piotr"]
[Black "Lewandowska, Katarzyna"]
[Result "1/2-1/2"]
[WhiteElo "2415"]
[BlackElo "2100"]
[PlyCount "153"]
[EventDate "1995.??.??"]
[EventType "swiss"]
[EventRounds "9"]
[EventCountry "POL"]
[SourceTitle "EXT 2000"]
[Source "ChessBase"]
[SourceDate "1999.11.16"]
[SourceVersion "1"]
[SourceVersionDate "1999.11.16"]
[SourceQuality "1"]

1. e4 c5 2. Nf3 Nc6 3. d4 cxd4 4. Nxd4 e5 5. Nb5 d6 6. N1c3 a6 7. Na3 b5 8. Nd5 Nf6 9. Bg5 Be7 10. Bxf6 Bxf6 11. c3 Bb7 12. Nc2 Nb8 13. Nce3 Nd7 14. Nf5 0-0 15. Nxd6 Bxd5 16. Qxd5 Qb6 17. Nxf7 Rxf7 18. Qxa8+ Bd8 19. 0-0-0 Nb8 20. Bd3 Nc6 21. Bc2 Rf8 22. Rd2 Be7 23. Bb3+ Kh8 24. Qxf8+ Bxf8 25. Rhd1 Be7 26. Rd7 b4 27. cxb4 Bg5+ 28. Kb1 Nd4 29. Bd5 Qxb4 30. Ra7 h5 31. Ra8+ Kh7 32. Bg8+ Kg6 33. Rxa6+ Bf6 34. Ra3 Ne2 35. Re3 Nd4 36. a3 Qb8 37. Bd5 Bg5 38. Rc3 Kh7 39. Rh3 Qf8 40. Rf1 h4 41. Rd3 Qc8 42. Rc3 Qg4 43. g3 Bd2 44. Rc7 Qe2 45. Bc4 Qxe4+ 46. Ka2 Ba5 47. Rc8 h3 48. f4 Nc6 49. Bg8+ Kh6 50. fxe5 Ne7 51. Rc4 Qe2 52. Rh4+ Kg5 53. Bc4 Qxh2 54. Be6 Qxg3 55. Rxh3 Qxe5 56. Bb3 Nf5 57. Rhf3 g6 58. Bf7 Be1 59. Rg1+ Kf6 60. Bb3 Qe2 61. Rgf1 Ke5 62. Bf7 Ne3 63. Rf6 Qxf1 64. Rxf1 Nxf1 65. Bxg6 Kd4 66. Kb3 Kc5 67. Ka4 Ne3 68. Bd3 Nd5 69. Kb3 Kd4 70. Ba6 Nb6 71. Bf1 Bd2 72. Kc2 Be1 73. b3 Nd5 74. Be2 Ne3+ 75. Kb2 Bc3+ 76. Ka2 Ba5 77. b4 1/2-1/2

[Event "BL 9394 (Women)"]
[Site "Germany"]
[Date "1994.02.20"]
[Round "11.2"]
[White "Birkholz, Olga"]
[Black "Lewandowska, Katarzyna"]
[Result "1-0"]
[WhiteElo "2105"]
[BlackElo "2130"]
[PlyCount "71"]
[EventDate "1993.10.02"]
[EventType "team-tourn"]
[EventRounds "11"]
[EventCountry "GER"]
[SourceTitle "EXT 1997"]
[Source "ChessBase"]
[SourceDate "1996.11.15"]
[SourceVersion "1"]
[SourceVersionDate "1996.11.15"]
[SourceQuality "1"]
[WhiteTeam "Bessenbach"]
[BlackTeam "Rodewisch"]
[WhiteTeamCountry "GER"]
[BlackTeamCountry "GER"]

1. e4 c5 2. Nc3 Nc6 3. Nf3 e6 4. Be2 d5 5. exd5 exd5 6. d4 Nf6 7. 0-0 c4 8. b3 Bb4 9. Bb2 cxb3 10. axb3 0-0 11. Na2 Bd6 12. c4 b6 13. c5 Bf4 14. Qc2 Ne7 15. Nb4 Bf5 16. Bd3 Ne4 17. g3 a5 18. Na2 Bc7 19. Nh4 Bh3 20. Rfe1 f5 21. Nc3 Kh8 22. Nb5 Rc8 23. Nxc7 Qxc7 24. Qe2 Nc6 25. f3 Ng5 26. Bb5 Nb4 27. Rac1 Rcd8 28. Ba3 f4 29. g4 Bxg4 30. fxg4 f3 31. Qe5 f2+ 32. Kg2 fxe1Q 33. Rxe1 Qf7 34. Rf1 Qe6 35. Qxg5 Qe4+ 36. Nf3 1-0

[Event "GER-ch op (Women)"]
[Site "Wuppertal"]
[Date "1994.??.??"]
[Round "?"]
[White "Higgelke, Anne"]
[Black "Lewandowska, Katarzyna"]
[Result "0-1"]
[WhiteElo "1670"]
[BlackElo "2125"]
[PlyCount "74"]
[EventDate "1994.??.??"]
[EventType "swiss"]
[EventRounds "9"]
[EventCountry "GER"]
[SourceTitle "EXT 2004"]
[Source "ChessBase"]
[SourceDate "2003.11.25"]
[SourceVersion "1"]
[SourceVersionDate "2003.11.25"]
[SourceQuality "1"]

1. e4 c5 2. Nf3 Nc6 3. d4 cxd4 4. Nxd4 Nf6 5. Nc3 e5 6. Ndb5 d6 7. Bg5 a6 8. Na3 b5 9. Bxf6 gxf6 10. Nd5 Bg7 11. c3 Ne7 12. Nc2 f5 13. exf5 Bxf5 14. Nce3 Be6 15. Qd3 Nxd5 16. Nxd5 0-0 17. Be2 f5 18. Qd2 Rc8 19. Rd1 Rc5 20. Nb4 a5 21. Qxd6 Qxd6 22. Rxd6 axb4 23. Rxe6 bxc3 24. bxc3 Ra8 25. 0-0 Rxa2 26. Re1 e4 27. Re8+ Kf7 28. Rb8 Bxc3 29. Bh5+ Kf6 30. Rd1 Rd2 31. Rb1 Bd4 32. Be8 Rxf2 33. Kh1 Rcc2 34. Rb7 Rxg2 35. Rxh7 Rb2 36. Rd1 Rbd2 37. Rxd2 Rg1# 0-1

[Event "POL-ch (Women)"]
[Site "Gdansk"]
[Date "1994.??.??"]
[Round "11"]
[White "Lewandowska, Katarzyna"]
[Black "Guzkowska, Magdalena"]
[Result "1/2-1/2"]
[WhiteElo "2130"]
[BlackElo "2105"]
[PlyCount "85"]
[EventDate "1994.??.??"]
[EventType "tourn"]
[EventRounds "13"]
[EventCountry "POL"]
[SourceTitle "EXT 1997"]
[Source "ChessBase"]
[SourceDate "1996.11.15"]
[SourceVersion "1"]
[SourceVersionDate "1996.11.15"]
[SourceQuality "1"]

1. d4 Nf6 2. Nf3 c5 3. d5 d6 4. Nc3 g6 5. e4 Bg7 6. Be2 0-0 7. 0-0 Na6 8. h3 Nc7 9. a4 b6 10. Bf4 a6 11. Bc4 Rb8 12. Qd3 b5 13. axb5 axb5 14. Nxb5 Nxb5 15. Bxb5 Nxe4 16. c4 Bf5 17. Qe2 Nf6 18. Ra7 Bd7 19. Bc6 Re8 20. Ng5 Bxc6 21. dxc6 Rc8 22. Ra6 Rc7 23. Rfa1 Qc8 24. Ra7 h6 25. Ne4 Nh5 26. Bh2 Rxa7 27. Rxa7 Qxc6 28. Nc3 Ra8 29. Qxe7 Rxa7 30. Qxa7 Qe8 31. g4 Qe1+ 32. Kg2 Bd4 33. Qa8+ Kg7 34. Qf3 Nf6 35. Bxd6 Qe6 36. Bg3 Qxc4 37. Bf4 Qb3 38. Bxh6+ Kxh6 39. g5+ Kg7 40. gxf6+ Bxf6 41. Ne4 Qxf3+ 42. Kxf3 Bxb2 43. Nxc5 1/2-1/2

[Event "POL-ch (Women)"]
[Site "Gdansk"]
[Date "1994.??.??"]
[Round "9"]
[White "Lewandowska, Katarzyna"]
[Black "Michna, Marta"]
[Result "1-0"]
[WhiteElo "2130"]
[BlackElo "2170"]
[PlyCount "149"]
[EventDate "1994.??.??"]
[EventType "tourn"]
[EventRounds "13"]
[EventCountry "POL"]
[SourceTitle "EXT 1997"]
[Source "ChessBase"]
[SourceDate "1996.11.15"]
[SourceVersion "1"]
[SourceVersionDate "1996.11.15"]
[SourceQuality "1"]

1. d4 Nf6 2. Nf3 g6 3. c4 Bg7 4. Nc3 0-0 5. e4 d6 6. Be2 e5 7. dxe5 dxe5 8. Qxd8 Rxd8 9. Bg5 Nbd7 10. Rd1 Rf8 11. Be3 c6 12. Nd2 Re8 13. 0-0 Bf8 14. Na4 b6 15. Rb1 Be7 16. f3 Nf8 17. Nb3 Be6 18. Rfd1 N6d7 19. Rd2 g5 20. g3 Ng6 21. Rbd1 Red8 22. Nc3 Kg7 23. Kg2 h5 24. Nd5 cxd5 25. cxd5 Ndf8 26. dxe6 Nxe6 27. Rd7 Bf6 28. Bc4 Ngf8 29. Rxd8 Rxd8 30. Rxd8 Bxd8 31. Bd5 Nc7 32. Bc6 Be7 33. Kf2 Na6 34. a3 Ne6 35. Ke2 Bd6 36. Bb7 Nac7 37. Nd2 f6 38. Nc4 Be7 39. b4 Kg6 40. Bc8 Kf7 41. Bd7 Ne8 42. Kd3 N8c7 43. Kc3 Bf8 44. Nb2 Ke7 45. Ba4 Kd8 46. Kc4 Bd6 47. Nd3 Ke7 48. Bd1 Ne8 49. a4 Kd7 50. a5 Bc7 51. Ba4+ Ke7 52. Kd5 Nd6 53. axb6 axb6 54. Nb2 Nf8 55. Kc6 Ne6 56. Bb3 Bd8 57. Bxe6 Kxe6 58. Bxb6 Bxb6 59. Kxb6 f5 60. exf5+ Kxf5 61. Kc6 Nc8 62. Nc4 Ke6 63. Ne3 Ne7+ 64. Kc7 g4 65. fxg4 Nd5+ 66. Nxd5 Kxd5 67. b5 e4 68. gxh5 Kc5 69. h6 e3 70. h7 e2 71. h8Q e1Q 72. Qc8 Kd4 73. Qg4+ Kd5 74. Qd7+ Kc4 75. b6 1-0

[Event "POL-ch (Women)"]
[Site "Lublin"]
[Date "1993.??.??"]
[Round "5"]
[White "Dabrowska, Krystyna"]
[Black "Lewandowska, Katarzyna"]
[Result "1-0"]
[WhiteElo "2240"]
[BlackElo "2170"]
[PlyCount "163"]
[EventDate "1993.??.??"]
[EventType "tourn"]
[EventRounds "13"]
[EventCountry "POL"]
[SourceTitle "EXT 1999"]
[Source "ChessBase"]
[SourceDate "1998.11.16"]
[SourceVersion "1"]
[SourceVersionDate "1998.11.16"]
[SourceQuality "1"]

1. e4 c5 2. Nf3 Nc6 3. d4 cxd4 4. Nxd4 Nf6 5. Nc3 e5 6. Ndb5 d6 7. Bg5 a6 8. Na3 b5 9. Bxf6 gxf6 10. Nd5 f5 11. Bd3 Be6 12. 0-0 Bxd5 13. exd5 Ne7 14. c4 Bg7 15. Qd2 bxc4 16. Nxc4 e4 17. Be2 0-0 18. Rac1 Ng6 19. f4 Qf6 20. Rfd1 Rab8 21. b3 Rfc8 22. g3 Qd8 23. Qa5 Bd4+ 24. Kf1 Qf6 25. Qxa6 Bc5 26. Nb6 Rd8 27. Nd7 Rxd7 28. Rxc5 Qd8 29. Rc2 Ra8 30. Qc4 Ne7 31. b4 Qb6 32. Qb5 Rb7 33. Qxb6 Rxb6 34. Rd4 Ra3 35. Ke1 Ra4 36. Rb2 Rb8 37. Bd1 Ra3 38. Bb3 Kf8 39. Rc2 Ke8 40. Kd2 h5 41. h4 Rb5 42. Kc1 Rxb3 43. axb3 Nxd5 44. Rcd2 Nxb4 45. Rxd6 Rc5+ 46. Kb2 Ke7 47. Rd7+ Kf6 48. R2d6+ Kg7 49. Rd4 Rb5 50. Rc4 Nd5 51. Rc1 Kf6 52. Rc6+ Kg7 53. Kc1 Ra5 54. Rcd6 Nb4 55. Rd4 Rb5 56. Kd2 Nc6 57. R4d5 Rxb3 58. Rxf5 Rxg3 59. Rdxf7+ Kg8 60. Rc7 Rd3+ 61. Ke1 Nd4 62. Rg5+ Kf8 63. Rxh5 Kg8 64. Ra5 Re3+ 65. Kf1 Rf3+ 66. Kg2 Ne6 67. Ra8+ Nf8 68. Re7 Rxf4 69. Kg3 Rf1 70. Rxe4 Kg7 71. Rg4+ Kh6 72. Ra6+ Kh7 73. Rf4 Rxf4 74. Kxf4 Ng6+ 75. Kg5 Nf8 76. Ra7+ Kg8 77. h5 Nh7+ 78. Kf5 Nf8 79. h6 Nh7 80. Rg7+ Kh8 81. Rf7 Kg8 82. Kg6 1-0

[Event "POL-ch (Women)"]
[Site "Lublin"]
[Date "1993.??.??"]
[Round "13"]
[White "Dworakowska, Joanna"]
[Black "Lewandowska, Katarzyna"]
[Result "0-1"]
[WhiteElo "2120"]
[BlackElo "2170"]
[PlyCount "88"]
[EventDate "1993.??.??"]
[EventType "tourn"]
[EventRounds "13"]
[EventCountry "POL"]
[SourceTitle "EXT 1999"]
[Source "ChessBase"]
[SourceDate "1998.11.16"]
[SourceVersion "1"]
[SourceVersionDate "1998.11.16"]
[SourceQuality "1"]

1. e4 c5 2. Nf3 Nc6 3. d4 cxd4 4. Nxd4 Nf6 5. Nc3 e5 6. Ndb5 d6 7. Bg5 a6 8. Na3 b5 9. Bxf6 gxf6 10. Nd5 Bg7 11. Bd3 Ne7 12. Nxe7 Qxe7 13. c4 f5 14. 0-0 0-0 15. Qh5 Rb8 16. exf5 e4 17. Rae1 Bb7 18. f3 bxc4 19. Bb1 Qe5 20. fxe4 Rfc8 21. Kh1 Ba8 22. Qg4 h5 23. Qxh5 Rxb2 24. Qg4 Qf6 25. Rd1 Kf8 26. Nc2 c3 27. h3 Rc5 28. Rfe1 Bc6 29. Rc1 Bh6 30. Rcd1 Bd2 31. Rf1 Bb5 32. Rg1 Bd3 33. Na3 Bxb1 34. Rxb1 c2 35. Rbc1 Rxa2 36. Rxc2 Raxc2 37. Nxc2 Rxc2 38. Qf3 Rc1 39. Qd3 Rxg1+ 40. Kxg1 Qa1+ 41. Kf2 Qe1+ 42. Kf3 Qd1+ 43. Qe2 Qxe2+ 44. Kxe2 Bf4 0-1

[Event "POL-ch (Women)"]
[Site "Lublin"]
[Date "1993.??.??"]
[Round "9"]
[White "Kaczorowska, Barbara"]
[Black "Lewandowska, Katarzyna"]
[Result "0-1"]
[WhiteElo "2200"]
[BlackElo "2170"]
[PlyCount "102"]
[EventDate "1993.??.??"]
[EventType "tourn"]
[EventRounds "13"]
[EventCountry "POL"]
[SourceTitle "EXT 1999"]
[Source "ChessBase"]
[SourceDate "1998.11.16"]
[SourceVersion "1"]
[SourceVersionDate "1998.11.16"]
[SourceQuality "1"]

1. d4 f5 2. Nf3 Nf6 3. g3 g6 4. Bg2 Bg7 5. 0-0 0-0 6. c4 d6 7. b3 Qe8 8. Bb2 Na6 9. Nbd2 c6 10. Qc2 Nb4 11. Qb1 a5 12. a3 Na6 13. Bc3 Nc7 14. Qc2 h6 15. e4 fxe4 16. Nxe4 Nxe4 17. Qxe4 Bf5 18. Qe3 a4 19. b4 Qf7 20. Nd2 Rae8 21. f4 Bf6 22. h4 Qg7 23. Ne4 b5 24. Nxf6+ exf6 25. Qd2 d5 26. cxb5 Nxb5 27. Bf3 Be4 28. Bb2 Nd6 29. Be2 Qd7 30. Kh2 Bf5 31. Bd3 Bxd3 32. Qxd3 Qf5 33. Qxf5 Re2+ 34. Rf2 Rxf2+ 35. Kg1 gxf5 36. Kxf2 Nc4 37. Bc1 Re8 38. Ra2 Re4 39. Bb2 Kf7 40. Bc3 Kg6 41. Ra1 Kh5 42. Rc1 Nxa3 43. Ra1 Nb5 44. Bb2 a3 45. Bxa3 Rxd4 46. Bc1 Rxb4 47. Ra8 Rc4 48. Bd2 Nd6 49. Be1 Ne4+ 50. Kf3 Rc1 51. Ba5 Ra1 0-1

[Event "GER-ch (Women)"]
[Site "Bad Mergentheim"]
[Date "1993.??.??"]
[Round "?"]
[White "Lewandowska, Katarzyna"]
[Black "Kube, Hannelore"]
[Result "1-0"]
[WhiteElo "2170"]
[BlackElo "2055"]
[PlyCount "47"]
[EventDate "1993.??.??"]
[EventType "swiss"]
[EventRounds "9"]
[EventCountry "GER"]
[SourceTitle "EXT 1998"]
[Source "ChessBase"]
[SourceDate "1997.11.17"]
[SourceVersion "1"]
[SourceVersionDate "1997.11.17"]
[SourceQuality "1"]

1. d4 e6 2. Nf3 f5 3. Bf4 Nf6 4. e3 d5 5. c4 c6 6. Nc3 Be7 7. Bd3 0-0 8. 0-0 Ne4 9. Bc2 g5 10. Be5 Nd7 11. cxd5 exd5 12. h3 Nxe5 13. Nxe5 Qe8 14. Nxe4 fxe4 15. f3 Bd6 16. fxe4 Rxf1+ 17. Qxf1 Bxe5 18. dxe5 Qxe5 19. exd5 Qxe3+ 20. Kh1 Bd7 21. Re1 Qf4 22. Qd3 Qf7 23. dxc6 Re8 24. Rxe8+ 1-0